00593nam a2200193Ia 4500003000900000008004100009020001800050040001600068080001700084100002200101245009100123260004800214300002300262650004100285650001700326650001300343650002400356700001900380IN-BaIIA211028s9999 xx 000 0 eng d a0-86720-047-2 cIIA Library a524.3bBOW-2 aBowers, Richard L 0aAstrophysics IIbinterstellar matter and galaxiescBowers Richard L and Terry Deeming aBostonbJones and Bartlett Publishersc1984 a[various pagings.] aAstronomy and astrophysics thesaurus aAstrophysics aGalaxies aInterstellar matter aDeeming, Terry